Calculus : (Record no. 14008)

000 -LEADER
fixed length control field 00635cam a2200205 a 4500
020 ## - INTERNATIONAL STANDARD BOOK NUMBER
ISBN 0072398604 (alk. paper)
020 ## - INTERNATIONAL STANDARD BOOK NUMBER
ISBN 0071122710 (ISE)
040 ## - CATALOGING SOURCE
Transcribing agency DLC
082 00 - DEWEY DECIMAL CLASSIFICATION NUMBER
Classification number 515 MCG 2002 A058 Or.
100 1# - MAIN ENTRY--AUTHOR NAME
Personal name Smith, Robert T.
245 10 - TITLE STATEMENT
Title Calculus :
Remainder of title multivariable /
250 ## - EDITION STATEMENT
Edition statement 2nd ed.
260 ## - PUBLICATION, DISTRIBUTION, ETC. (IMPRINT)
Place of publication Boston :
Name of publisher McGraw-Hill,
Year of publication c2002.
300 ## - PHYSICAL DESCRIPTION
Number of Pages xxviii, 850 p. :
Other physical details ill. (some col.) ;
Dimensions 26 cm.
650 #0 - SUBJECT ADDED ENTRY--TOPICAL TERM
Topical Term Calculus.
700 1# - ADDED ENTRY--PERSONAL NAME
Personal name Minton, Roland B.,
856 41 - ELECTRONIC LOCATION AND ACCESS
Uniform Resource Identifier http://www.loc.gov/catdir/enhancements/fy0612/2001030156-t.html
856 42 - ELECTRONIC LOCATION AND ACCESS
Uniform Resource Identifier http://www.loc.gov/catdir/enhancements/fy0612/2001030156-d.html
942 ## - ADDED ENTRY ELEMENTS (KOHA)
Koha item type សៀវភៅភាសាអង់គ្លេស
952 ## - LOCATION AND ITEM INFORMATION (KOHA)
Withdrawn status [LOCAL, KOHA] 0
Holdings
Permanent Location Date acquired Koha item type Lost status Shelving location Barcode Current Location Full call number
Library Block A2017-10-04សៀវភៅភាសាអង់គ្លេស A058A14619Library Block A515 MCG 2002 A058 Or.
មជ្ឈមណ្ឌលឯការនៃសាកលវិទ្យាល័យភូមិន្ទកសិកម្មចំការដូង

Powered by Koha